Logo BPK

Biblioteka

Politechniki Koszalińskiej

Rolnictwo województwa zachodniopomorskiego w latach 1998-1999 / (Rekord nr 25358)

Szczegóły MARC
000 -ETYKIETA REKORDU
podpole kontrolne o stałej długości 00901nam a2200241 i 4500
001 - NUMER KONTROLNY REKORDU
pole kontrolne bg
020 ## - MIĘDZYNARODOWY ZNORMALIZOWANY NUMER KSIĄŻKI - ISBN
ISBN 8391221415
040 ## - ŹRÓDŁO KATALOGOWANIA
Instytucja, która utworzyła rekord BPK
041 0# - KOD JĘZYKA
Kod języka tekstu pl
Kod języka streszczenia lub abstraktu en
080 ## - UNIWERSALNA KLASYFIKACJA DZIESIĘTNA - UKD
UKD 63:338.43](438)"1989/..."(083.41)
920 ## - Międzynarodowy znormalizowany numer książki – ISBN
ISBN 83-912214-1-5
008 - POLE O STAŁEJ DŁUGOŚCI - DANE KONTROLNE
podpole kontrolne o stałej długości s pl f |000 0 pol
245 00 - TYTUŁ/ODPOWIEDZIALNOŚĆ
Tytuł Rolnictwo województwa zachodniopomorskiego w latach 1998-1999 /
Pozostałe elementy strefy tytułu i oznaczenia odpowiedzialności Urząd Statystyczny w Szczecinie ; [oprac. zespół pod kier. Alfredy Gibowskiej].
246 11 - WARIANT TYTUŁU
Tytuł Agriculture of zachodniopomorskie voivodship in 1998-1999
260 ## - STREFA ADRESU WYDAWNICZEGO
Miejsce wydania Szczecin :
Nazwa wydawcy/dystrybutora US,
Data publikacji, dystrybucji/powstania dokumentu 2000.
300 ## - STREFA OPISU FIZYCZNEGO
Objętość 93 s. :
Inne cechy fizyczne wykr. kolor. +
Dokument towarzyszący 24 cm.
500 ## - UWAGI OGÓLNE
Tekst uwagi Tyt. równol.: griculture of zachodniopomorskie voivodship in 1998-1999".
650 #9 - HASŁO PRZEDMIOTOWE W FORMIE NAZWY OGÓLNEJ LUB JEDNOSTKOWEJ
Nazwa ogólna lub geograficzna Rolnictwo
Określnik geograficzny Polska
Określnik chronologiczny od 1989 r.
650 #9 - HASŁO PRZEDMIOTOWE W FORMIE NAZWY OGÓLNEJ LUB JEDNOSTKOWEJ
Nazwa ogólna lub geograficzna Szczecin (okręg)
Określnik ogólny rolnictwo
Określnik chronologiczny od 1989 r.
700 1# - HASŁO DODATKOWE - NAZWA OSOBOWA
Nazwa osobowa GIBOWSKA, Alfreda.
Określenie związku między hasłem a opisywanym materiałem Oprac.
710 #0 - HASŁO DODATKOWE - NAZWA CIAŁA ZBIOROWEGO
Nazwa ciała zbiorowego lub jednostki geograficznej Urząd Statystyczny (Szczecin)
856 ## - LOKALIZACJA I DOSTĘP DO ELEKTRONICZNYCH DOKUMENTÓW ZDALNYCH
Link (URL) http://koha.tu.koszalin.pl/cgi-bin/koha/opac-detail.pl?biblionumber=25358
Tekst linku Katalog online BPK
942 ## - DODATKOWE ELEMENTY (KOHA)
Typ dokumentu Książka
Egzemplarze
Wycofany Status egzemplarza Uszkodzony Dostępność Lokalizacja stała Lokalizacja bieżąca Miejsce przechowywania Sygnatura Kod kreskowy Dział Typ dokumentu
      Tylko na miejscu Biblioteka Politechniki Koszalińskiej Biblioteka Politechniki Koszalińskiej Czytelnia Wydziałowa ul. Kwiatkowskiego 6e S 22 01489712 311 Statystyka Książka
      Dostępny Biblioteka Politechniki Koszalińskiej Biblioteka Politechniki Koszalińskiej Wypożyczalnia BG S 23 01489705   Książka
      Tylko na miejscu Biblioteka Politechniki Koszalińskiej Biblioteka Politechniki Koszalińskiej Czytelnia BG S 24 01489699 338.43 Ekonomika rolnictwa Książka
© 2023 Biblioteka Politechniki Koszalińskiej :: KOHA